Опыт применения стеклопластиковых комбинированнных (бипластмассовых) труб при обустройстве нефтяных месторождений; Трубопроводы и экология; № 3

Dettagli Bibliografici
Parent link:Трубопроводы и экология: научно-практический журнал.— , 2002-2012
№ 3.— 2003.— С. 24-25
Autore principale: Поспелов А. Б.
Altri autori: Тараканов А. И., Шклеин О. В.
Lingua:russo
Pubblicazione: 2003
Serie:Новые технологии
Soggetti:
Natura: MixedMaterials Capitolo di libro
KOHA link:https://koha.lib.tpu.ru/cgi-bin/koha/opac-detail.pl?biblionumber=389472

MARC

LEADER 00000naa2a2200000 4500
001 389472
005 20231101063852.0
035 |a (RuTPU)RU\TPU\prd\21699 
090 |a 389472 
100 |a 20040126a2003 k y0rusy50 ca 
101 0 |a rus 
102 |a RU 
200 1 |a Опыт применения стеклопластиковых комбинированнных (бипластмассовых) труб при обустройстве нефтяных месторождений  |f А. Б. Поспелов, А. И. Тараканов, О. В. Шклеин 
225 1 |a Новые технологии 
461 1 |0 (RuTPU)RU\TPU\prd\4239  |t Трубопроводы и экология  |o научно-практический журнал  |d 2002-2012 
463 1 |0 (RuTPU)RU\TPU\prd\20713  |t № 3  |v С. 24-25  |d 2003 
610 1 |a стеклопластиковые трубы 
610 1 |a применение 
610 1 |a нефтяные месторождения 
610 1 |a нефтепромыслы 
610 1 |a коррозия 
610 1 |a бипластмассовые трубы 
700 1 |a Поспелов  |b А. Б. 
701 1 |a Тараканов  |b А. И. 
701 1 |a Шклеин  |b О. В. 
801 1 |a RU  |b 63413507  |c 20040126  |g PSBO 
801 2 |a RU  |b 63413507  |c 20140703  |g RCR 
942 |c BK